| 000 | 01374nam a2200265 a 4500 | ||
|---|---|---|---|
| 001 | BRCA_302 | ||
| 005 | 20190320202943.0 | ||
| 008 | 920730r19871986mx-c---###---#000-0#spa-c | ||
| 040 |
_aTxU _cTxU _dDLC |
||
| 050 | 4 |
_aF1232 _b.B98 1987 |
|
| 100 | 1 |
_aBustamante, Carlos María de _d1774-1848 _9555 |
|
| 240 | 1 | 0 | _aJuguetillo |
| 245 | 1 | 0 |
_aCarlos María de Bustamante. El Pensador mexicano _cJoaquín Fernández de Lizardi. |
| 260 |
_aMéxico _bCentro de Estudios de Historia de México (Condumex) _c1987 |
||
| 300 |
_a4 v. _bil. ports. _c20 cm. |
||
| 500 | _aEl Pensador mexicano | ||
| 500 | _aFacsímil de : 1986 | ||
| 505 | 0 | _aContenido : v. 1. Presentación / por Antonio Martínez Báez. Juguetillos, números 1 al 10. -- v. 2. El Pensador mexicano, tomo 1, números 1 al 13. Pensamiento extraordinario, números 1 a 4. -- v. 3. El Pensador mexicano, tomo II, números 1 a 18. 18 suplementos al tomo II. -- v. 4. El Pensador mexicano, tomo III, números 1 a 14. 9 suplementos al tomo III. Auto de inquisición | |
| 651 | 4 |
_aMéxico _xPolítica y gobierno _y1810-1821 _91016 |
|
| 700 | 1 |
_aFernández de Lizardi, José Joaquín _d1776-1827 _tPensador mexicano _f1987 _91017 |
|
| 700 | 1 |
_aFernández de Lizardi, José Joaquín _d1776-1827 _tPensamiento extraordinario _f1987 _91018 |
|
| 740 | 0 | _aJuguetillo y el Pensador mexicano | |
| 740 | 0 | _aPensador mexicano | |
| 942 |
_2lcc _cB |
||
| 999 |
_c244 _d244 |
||